| 000 | 00000nam##2200000za#4500 |
| 001 | 9.575551 |
| 003 | CaOODSP |
| 005 | 20210624184723 |
| 007 | cr ||||||||||| |
| 008 | 150406|2008||||xxc|||||o f|0| 0 eng|d |
| 040 | |aCaOODSP|beng |
| 043 | |an-cn--- |
| 086 | 1 |aTU3-5/08-9E-PDF |
| 110 | 2 |aTransportation Safety Board of Canada. |
| 245 | 10|aEngine power loss and forced landing - Northway Aviation Ltd. Cessna 207A C-FBHP St. Andrews, Manitoba, 2 nm N, 08 August 2008 |h[electronic resource] |
| 260 | |aGatineau - Quebec : |bTransportation Safety Board of Canada |c[2008]. |
| 300 | |a8p.|bcoloured illus. |
| 490 | 1 |aAviation investigation report |vA08C0171 |
| 590 | |a13-03-Supp|b2013-02-11 |
| 775 | 08|tPerte de puissance du moteur et atterrissage forcé du Cessna 207A C-FBHP exploité par Northway Aviation Ltd. à 2 nm au nord de St. Andrews (Manitoba), le 8 août 2008 |w(CaOODSP)9.605054 |
| 830 | #0|aAviation investigation report ;|vA08C0171|w(CaOODSP)9.504825 |
| 856 | 40|ahttp://publications.gc.ca|qPDF|s218 KB|uhttps://publications.gc.ca/collections/collection_2013/bst-tsb/TU3-5-08-9-eng.pdf|yA08C0171 |